| 000 | 00327nam a2200133Ia 4500 | ||
|---|---|---|---|
| 008 | 180730s9999||||xx |||||||||||||| ||und|| | ||
| 082 |
_a823 _bKRI/A |
||
| 100 | _aKrishen, Prakash | ||
| 245 | 2 | _aA Bureaucrat' Diary | |
| 250 | _a1st | ||
| 260 |
_aNew Delhi _bVikas Publishing House Pvt. Ltd. _c1977 |
||
| 300 | _a234 | ||
| 942 | _cBK | ||
| 999 |
_c1606 _d1606 |
||